| 000 | 00774cam a22002171 4500 | ||
|---|---|---|---|
| 999 |
_c5698 _d5698 |
||
| 003 | OSt | ||
| 005 | 20220610064751.0 | ||
| 008 | 220610b ||||| |||| 00| 0 eng d | ||
| 035 | _a02360213 | ||
| 040 | _cALUPE UNIVERSITY | ||
| 050 | 9 | 9 |
_aRB40 _b.H43 1964 |
| 050 | 0 |
_aRB40 _b.H43 |
|
| 082 | _a616.0756 | ||
| 100 | 1 |
_aHenry, Richard J. _q(Richard Joseph) _0http://id.loc.gov/authorities/names/n82269329 |
|
| 245 | 1 | 0 |
_aClinical chemistry, principles and technics _c[by] Richard J. Henry. |
| 260 |
_a[New York] _bHoeber Medical Division, Harper & Row _cc1964 |
||
| 300 |
_axxiv, 1128 p. _bills. _c25 cm. |
||
| 504 | _aBibliography: p. 989-1106 and Index: p.1107-1128 | ||
| 650 | 0 |
_aClinical chemistry. _0http://id.loc.gov/authorities/subjects/sh85023014 |
|
| 942 |
_2lcc _cBK _nAB |
||